Statistiques concernant Géographie européenne A-Z #2

Cliquez ici pour prendre le quiz!

Statistiques générales

  • Ce quiz a été pris 697 fois
    (636 depuis la dernière actualisation)
  • Le résultat moyen est 20 sur 26

Statistiques - réponses

allusionrépondre% Correct
PVille de la tour penchéePise
95%
OL'université la plus ancienne d'AngleterreOxford
93%
RPays de Bucarest et TimisoaraRoumanie
93%
MMer séparant l'Afrique et l'EuropeMéditerranée
92%
TRivière qui traverse LondresTamise
91%
AOù Socrate est né et est mortAthènes
90%
NCathédrale de l’archidiocèse de ParisNotre-Dame
90%
DRivière qui coule dans 10 paysDanube
89%
VCapitale maltaiseLa {Valette}
89%
SLa plus grande île méditerranéenneSicile
88%
IEspagnol et portugais péninsuleIbérie
86%
HVille sur la rive du golfe de FinlandeHelsinki
85%
FPartie néerlandaise de BelgiqueFlandre
83%
LVille où les Beatles ont été fondésLiverpool
83%
ZLa plus grande ville suisse, le canton et le lacZurich
83%
WPays de Galles, en anglaisWales
82%
ETour dans Champ-de-MarsEiffel
81%
GRépublique helléniqueGrèce
79%
UУкраїнаUkraine
75%
BVille hôte olympique de 1992Barcelone
71%
CRégion où B est situéCatalogne
64%
YPlus grand comté traditionnel d'AngleterreYorkshire
54%
QColonie française 1608-1763Québec
47%
JPlus grande péninsule du DanemarkJutland
39%
KL'oblast russe qui borde la PologneKaliningrad
36%
XThrace grecque ville de 1000 couleursXánthi
6%

Distribution des résultats

Percentile par nombre de réponses

% des personnes avec chaque résultat

Votre développement - résultats

Vous n’avez pas pris ce quiz depuis la dernière actualisation